000 00906nam a22002297a 4500
999 _c61718
_d61718
005 20240419170027.0
008 240419s2007 enk||||| |||| 00| 0 eng d
020 _a9789996013881x
041 _aeng
080 _a616.6 C-18
245 _aCampbell-Walsh Urology :
_bvolume 4 /
_cWein, Alan J., Kavoussi, Louis R.
250 _aNinth Edition
264 _aPhiladelphia :
_bSaunders,
_c2007.
300 _a3945 p. :
_bill.;
_c29 cm.
653 _aუროლოგია
653 _aმედიცინა
653 _aქალის უროგენიტალური დაავადებები
653 _aმამაკაცის უროგენიტალური დაავადებები
700 _a Wein, Alan J.
_eრედაქტორი
_921896
700 _aKavoussi, Louis R.
_eრედაქტორი
_99481
942 _2udc
_cᲬᲘᲒᲜᲘ